000 00986nam a22002537a 4500
005 20170124103103.0
010 _aB-074937
020 _c200.00
035 _aB-074937
037 _bCen Lib/Ret
040 _aDPL
_bHN
082 _a821
_bसपनों
245 _aसपनों के शिखर :
_cसंपादक निधि आर. लाल
246 _aSapnooe ke shikhar /
_bsampadak Nidhi R. Lal
260 _aदिल्ली
_bस्वाति प्रकाशन
_c2002
270 _aबी-5/263, यमुना विहार
_bदिल्ली
_e110053
300 _a104पृ.
_c21सेमी (सजिल्द)
650 _aसाहित्य--कविता
_977572
650 _aहिन्दी कविताएं
_977573
650 _aLiterature--Poems
_977574
650 _aHindi poems
_977575
700 _aलाल, निधि आर.
_956634
942 _2ddc
_cHN
_h821
_mसपनों
999 _c117935
_d117935